书目信息 |
| 题名: |
世界电影手册
|
|
| 作者: | ;本社外国电影艺术编辑室 编 | |
| 分册: | 下 | |
| 出版信息: | 北京 中国电影出版社 1998.11 |
|
| 页数: | 663~1316页 | |
| 开本: | 20cm | |
| 丛书名: | ||
| 单 册: | ||
| 中图分类: | J991 | |
| 科图分类: | ||
| 主题词: | 电影事业 | |
| 电子资源: | ||
| ISBN: | 7-106-01251-3 | |
| 000 | 00654nam0 2200205 45 | |
| 001 | 0011211430 | |
| 005 | 20040324141810.9 | |
| 010 | @a7-106-01251-3@dCNY40.00 | |
| 100 | @a20001121d1998 km y0chiy0120 ea | |
| 101 | 0 | @achi |
| 105 | @a z 000yy | |
| 200 | 1 | @a世界电影手册@AShi Jie Dian Ying Shou Ce@e90~94@h下@E1990~94@f本社外国电影艺术编辑室编@FBen She Wai Guo Dian Ying Yi Shu Bian Ji Shi Bian |
| 210 | @a北京@c中国电影出版社@d1998.11 | |
| 215 | @a663~1316页@d20cm | |
| 517 | @a90~94 | |
| 606 | 0 | @a电影事业 |
| 690 | @aJ991@v1 | |
| 711 | 02 | @a本社外国电影艺术编辑室@4编 |
| 801 | @aCN@bTSTC@c20001121 | |
| 905 | @b293163-164@dJ991@e58(90-94):2@f2 | |
| 世界电影手册:90~94.下/本社外国电影艺术编辑室编.-北京:中国电影出版社,1998.11 |
| 663~1316页;20cm |
| ISBN 7-106-01251-3:CNY40.00 |
| ● |
| 相关链接 |
|
|
|
|
正题名:世界电影手册
索取号:J991/58(90-94):2
 
预约/预借
| 序号 | 登录号 | 条形码 | 馆藏地/架位号 | 状态 | 备注 |
| 1 | 0293163 | 002931634 | 第一借阅区/ [索取号:J991/58(90-94):2] | 在馆 | |
| 2 | 0293164 | 002931643 | 第一样本阅览室/ [索取号:J991/58(90-94):2] | 在馆 |